01139 a2200229 4500003000500000005001700005010001600022020002300038020002300061040000900084082001500093100003100108245008400139260010000223300002500323505026400348650007100612651006000683942002400743999001900767952012300786Nust20221222124206.0 a 95019330 a0312128290 (cloth) a0333649443 (cloth) cNust00a327.73,ABE1 aAbelson, Donald E.910566710aAmerican think-tanks and their role in US foreign policy / cDonald E. Abelson. aHoundmills, Basingstoke, Hampshire :bMacmillan Press ;aNew York :bSt. Martin's Press,c1996. axii, 208 p. ;c23 cm aIntroduction (Page-1), Think Tanks In American Politics (Page-23), Networks Of Influence (Page-65), A New Channel Of Influence (Page-81), Think Tanks And US Foreign Policy (Page-91), Think Tanks And Models Of Decision Making (Page-103), Conclusion (Page-119). 0aResearch instituteszUnited StatesxHistoryy20th century.9105668 0aUnited StatesxForeign relationsy20th century.9105669 2ddccBKk327.73,ABE c184246d184246 00102ddc4070aMCSbMCScGENd2016-12-12o327.73 ,ABEpMCS966r2016-12-08w2016-12-12yBKzAlmirah No.50 ,Shelf No.2